[Event "SVK-ch U10"]
[Site "Tatralandia"]
[Date "2025.05.18"]
[Round "9"]
[White "Srnak, Martin"]
[Black "Kristof, Simon"]
[Result "1/2-1/2"]
[WhiteElo "1631"]
[BlackElo "1551"]
[PlyCount "126"]
[EventDate "2025.05.11"]
[EventType "swiss"]
[EventRounds "9"]
[EventCountry "SVK"]
[SourceTitle "CB21_2025"]
[SourceDate "2025.05.21"]
[SourceVersion "1"]
[SourceVersionDate "2025.05.21"]
[SourceQuality "1"]

1. e4 Nf6 2. e5 Nd5 3. Nf3 d6 4. d4 Nb6 5. exd6 exd6 6. Nbd2 Be7 7. c4 0-0 8. Bd3 h6 9. 0-0 Bg4 10. h3 Bh5 11. d5 Bf6 12. Ne4 N8d7 13. Ng3 Bxf3 14. Qxf3 Ne5 15. Qe4 Nxd3 16. Qxd3 Nd7 17. Qc2 Bg5 18. Bxg5 Qxg5 19. Qf5 Qxf5 20. Nxf5 Rfe8 21. Rfe1 Kf8 22. Kf1 Nb6 23. b3 h5 24. Rxe8+ Rxe8 25. Re1 Rxe1+ 26. Kxe1 g6 27. Nd4 a6 28. Kd2 Ke7 29. Ke3 Kf6 30. f4 Nc8 31. g4 Ne7 32. Ke4 c6 33. g5+ Kg7 34. f5 gxf5+ 35. Nxf5+ Nxf5 36. Kxf5 c5 37. h4 b6 38. a3 b5 39. a4 bxa4 40. bxa4 a5 41. Kf4 Kg6 42. Ke4 f6 43. Kf4 fxg5+ 44. hxg5 h4 45. Kg4 h3 46. Kxh3 Kxg5 47. Kg3 Kf5 48. Kf3 Ke5 49. Ke3 Kf5 50. Kf3 Kg5 51. Ke4 Kg4 52. Ke3 Kg3 53. Ke4 Kg4 54. Ke3 Kg5 55. Ke4 Kg6 56. Kf4 Kf6 57. Ke4 Kg5 58. Ke3 Kg6 59. Ke4 Kg7 60. Kf3 Kf7 61. Kg3 Kg7 62. Kf3 Kf7 63. Kg3 Kg7 1/2-1/2

[Event "SVK-ch U10"]
[Site "Tatralandia"]
[Date "2025.05.17"]
[Round "8"]
[White "Kristof, Simon"]
[Black "Hornacek, Tomas"]
[Result "1-0"]
[WhiteElo "1551"]
[BlackElo "1573"]
[PlyCount "67"]
[EventDate "2025.05.11"]
[EventType "swiss"]
[EventRounds "9"]
[EventCountry "SVK"]
[SourceTitle "CB21_2025"]
[SourceDate "2025.05.21"]
[SourceVersion "1"]
[SourceVersionDate "2025.05.21"]
[SourceQuality "1"]

1. e4 c5 2. Nf3 e6 3. d4 cxd4 4. Nxd4 Nf6 5. Nc3 d6 6. Be3 a6 7. h3 Be7 8. Qd2 Qc7 9. Bd3 Bd7 10. Nf3 Nc6 11. a3 b5 12. 0-0 Bc8 13. Rfe1 Bb7 14. Bf4 Nd7 15. Rad1 0-0 16. Bf1 Rad8 17. Bxd6 Bxd6 18. Qxd6 Qb6 19. Qg3 b4 20. axb4 Qxb4 21. Ne2 Nc5 22. Rxd8 Rxd8 23. Nf4 Nxe4 24. Qh4 Ne7 25. Bd3 Nf6 26. c3 Qxb2 27. Bxh7+ Kf8 28. Rb1 Qxc3 29. Rxb7 Qc1+ 30. Kh2 Re8 31. Be4 Nxe4 32. Qh8+ Ng8 33. Ng6+ fxg6 34. Qxg7# 1-0

[Event "SVK-ch U10"]
[Site "Tatralandia"]
[Date "2025.05.15"]
[Round "6"]
[White "Kristof, Simon"]
[Black "Olejnik, Frederik"]
[Result "1/2-1/2"]
[WhiteElo "1551"]
[BlackElo "1833"]
[PlyCount "85"]
[EventDate "2025.05.11"]
[EventType "swiss"]
[EventRounds "9"]
[EventCountry "SVK"]
[SourceTitle "CB21_2025"]
[SourceDate "2025.05.21"]
[SourceVersion "1"]
[SourceVersionDate "2025.05.21"]
[SourceQuality "1"]

1. e4 e5 2. Nf3 Nc6 3. Bc4 Bc5 4. d3 Nf6 5. Bg5 d6 6. h3 Be6 7. Bb3 h6 8. Bh4 Qe7 9. c3 Bb6 10. Nbd2 a6 11. Nc4 Bc5 12. Ne3 g5 13. Bg3 Nh5 14. Bh2 Ng7 15. Nd5 Bxd5 16. Bxd5 Qd7 17. a3 f5 18. Qc2 g4 19. hxg4 fxg4 20. Nd2 Rf8 21. Bg3 h5 22. Nb3 Bb6 23. 0-0-0 0-0-0 24. Kb1 Ne7 25. Bh4 Rde8 26. Rhf1 Nxd5 27. exd5 Nf5 28. Bg3 Nxg3 29. fxg3 Qe7 30. Nd2 Rf7 31. Ne4 Ref8 32. Qe2 Rxf1 33. Rxf1 Rf7 34. Kc2 Qf8 35. Rxf7 Qxf7 36. c4 Bd4 37. b3 Qf5 38. Kd1 Kb8 39. Ke1 Ka7 40. Qf1 Qd7 41. Qf6 b5 42. Qe6 Qg7 43. Ke2 1/2-1/2

[Event "SVK-ch U10"]
[Site "Tatralandia"]
[Date "2025.05.14"]
[Round "5"]
[White "Karol, Timur"]
[Black "Kristof, Simon"]
[Result "1/2-1/2"]
[WhiteElo "1609"]
[BlackElo "1551"]
[PlyCount "59"]
[EventDate "2025.05.11"]
[EventType "swiss"]
[EventRounds "9"]
[EventCountry "SVK"]
[SourceTitle "CB21_2025"]
[SourceDate "2025.05.21"]
[SourceVersion "1"]
[SourceVersionDate "2025.05.21"]
[SourceQuality "1"]

1. d4 d5 2. Nf3 Nc6 3. g3 Bf5 4. Bg2 Qd7 5. e3 Nf6 6. Nbd2 Bh3 7. 0-0 h5 8. Re1 Bxg2 9. Kxg2 h4 10. Rh1 hxg3 11. fxg3 Qh3+ 12. Kg1 Ne4 13. Qf1 Qxf1+ 14. Nxf1 e6 15. N1d2 Nxd2 16. Nxd2 Nb4 17. c3 Nc2 18. Rb1 Nxe3 19. Nf3 Nf5 20. Kf2 Bd6 21. Bd2 Be7 22. Rbe1 Nd6 23. Rhf1 Ne4+ 24. Kg2 Nxd2 25. Nxd2 Bf6 26. Nf3 Rf8 27. Rf2 0-0-0 28. Ref1 Rd6 29. g4 g5 30. Nd2 1/2-1/2